000
00240nam a2200097Ia 4500
001
1229277
005
20250827093058.0
008
250824s9999 xx 000 0 und d
245
0
_a
METRO 2034
_c
DMITRY GLUKHOVSKY
260
_b
PANAMA YAYINLARI
999
_c
1229277
_d
1229277